El computador y su alcance / (Registro nro. 11611)

Detalles MARC
000 -LEADER
fixed length control field 00897nam a2200229Ia 4500
003 - CONTROL NUMBER IDENTIFIER
control field OSt
005 - DATE AND TIME OF LATEST TRANSACTION
control field 20210430132319.0
008 - FIXED-LENGTH DATA ELEMENTS--GENERAL INFORMATION
fixed length control field 210310s1985 ck a gr 000 0 spa d
040 ## - CATALOGING SOURCE
Original cataloging agency CO-JMCR
Transcribing agency CO-JMCR
041 0# - LANGUAGE CODE
Language code of text/sound track or separate title spa
082 04 - DEWEY DECIMAL CLASSIFICATION NUMBER
Classification number 004 /
Item number D262c
Edition number 23
100 1# - MAIN ENTRY--PERSONAL NAME
Personal name Palacios Cortés, Rafael,
Relator term autor
9 (RLIN) 25977
245 13 - TITLE STATEMENT
Title El computador y su alcance /
Statement of responsibility, etc. Rafael Palacios Cortés.
260 ## - PUBLICATION, DISTRIBUTION, ETC.
Place of publication, distribution, etc. Bogotá :
Name of publisher, distributor, etc. Dane,
Date of publication, distribution, etc. 1985.
300 ## - PHYSICAL DESCRIPTION
Other physical details 63 páginas :
Extent ilustraciones a color ;
Dimensions 24 cm.
440 ## - SERIES STATEMENT/ADDED ENTRY--TITLE
Title Sección de obras de filosofía
9 (RLIN) 25978
500 ## - GENERAL NOTE
General note Datos biográficos del autor en pagina 63.
505 0# - FORMATTED CONTENTS NOTE
Formatted contents note El computador: sus orígenes, evolución y aplicaciones. -- Estructura de la maquina. (Harware). -- Los sistemas de programación (Sofware). -- Los sistemas de información.
650 14 - SUBJECT ADDED ENTRY--TOPICAL TERM
Topical term or geographic name entry element Historia del Computador.
9 (RLIN) 25979
650 24 - SUBJECT ADDED ENTRY--TOPICAL TERM
Topical term or geographic name entry element Partes del computador.
9 (RLIN) 37292
942 ## - ADDED ENTRY ELEMENTS (KOHA)
Source of classification or shelving scheme Dewey Decimal Classification
Koha item type Books
Existencias
Withdrawn status Lost status Source of classification or shelving scheme Damaged status Not for loan Home library Current library Shelving location Date acquired Source of acquisition Full call number Barcode Date last seen Copy number Price effective from Koha item type
    Dewey Decimal Classification     Biblioteca Pública José María del Castillo y Rada Biblioteca Pública José María del Castillo y Rada General Stacks 04/15/2018 Donación 004 / D262c 430004034 05/16/2024 Ej.1 03/10/2021 Books